00420nam a2200181Ia 4500003000900000008004100009040001300050040001300063041000800076100002300084245007300107250000900180260001300189260000900202300001100211300001000222490000600232IT-RoPAU120407s9999 xx 000 0 und d aIT-RoPAU cIT-RoPAU aita aDomenico Mannajoli aL’atto eroico di carità in suffragio delle anime del purgatorio. aRoma aVaticana c1932 a420 p. c25 cm v1